[Event "Mumbai Wealth op 3rd"]
[Site "Mumbai"]
[Date "2018.01.06"]
[Round "8"]
[White "Aryan, Abhijeet Shah"]
[Black "Pranav, V."]
[Result "0-1"]
[WhiteElo "1987"]
[BlackElo "2263"]
[PlyCount "70"]
[EventDate "2017.12.30"]
[EventType "swiss"]
[EventRounds "9"]
[EventCountry "IND"]
[SourceTitle "CBM 182 Extra"]
[Source "ChessBase"]
[SourceDate "2018.02.23"]
[SourceVersion "1"]
[SourceVersionDate "2018.02.23"]
[SourceQuality "1"]

1. d4 Nf6 2. c4 e6 3. Nc3 Bb4 4. e3 0-0 5. Bd3 d5 6. cxd5 exd5 7. Nge2 Re8 8. 0-0 c6 9. Ng3 g6 10. a3 Ba5 11. b4 Bc7 12. b5 a6 13. bxc6 Nxc6 14. Re1 h5 15. Nf1 Be6 16. h3 Rc8 17. Bd2 Bd6 18. f4 Na5 19. Qb1 b5 20. Nh2 Nc4 21. Bxc4 Rxc4 22. Nf3 Qc8 23. Qb2 Ne4 24. Rec1 Nxd2 25. Nxd2 Rc7 26. Nf3 f6 27. Nh4 Bf7 28. Nd1 Kg7 29. Rxc7 Qxc7 30. Rc1 Qa5 31. Rc3 Bxf4 32. exf4 Re1+ 33. Kh2 Rxd1 34. Qc2 Qa4 35. Qf2 Qxd4 0-1

[Event "Mumbai Wealth op 3rd"]
[Site "Mumbai"]
[Date "2017.12.31"]
[Round "2"]
[White "Aryan, Abhijeet Shah"]
[Black "Kulkarni, Vinayak"]
[Result "0-1"]
[WhiteElo "1987"]
[BlackElo "2230"]
[PlyCount "94"]
[EventDate "2017.12.30"]
[EventType "swiss"]
[EventRounds "9"]
[EventCountry "IND"]
[SourceTitle "CBM 182 Extra"]
[Source "ChessBase"]
[SourceDate "2018.02.23"]
[SourceVersion "1"]
[SourceVersionDate "2018.02.23"]
[SourceQuality "1"]

1. d4 d5 2. c4 c6 3. Nf3 Nf6 4. e3 a6 5. Nc3 b5 6. cxd5 cxd5 7. Bd3 Bg4 8. 0-0 e6 9. a3 Be7 10. Bd2 0-0 11. Rc1 Nbd7 12. Be2 Qb6 13. b4 Qb8 14. Be1 Bxf3 15. Bxf3 Nb6 16. Be2 Rc8 17. f4 Nc4 18. Bxc4 Rxc4 19. Bh4 Qb7 20. Bxf6 Bxf6 21. Qd2 Be7 22. Rb1 Rac8 23. Rfc1 a5 24. Na2 axb4 25. axb4 Qa6 26. Rxc4 Rxc4 27. Qb2 g5 28. g3 Qc6 29. Rc1 Rxc1+ 30. Nxc1 gxf4 31. gxf4 Bxb4 32. Nd3 Bd6 33. Qg2+ Kf8 34. Qg5 Qc7 35. f5 exf5 36. Qxf5 Bxh2+ 37. Kh1 Qg3 38. Qc8+ Kg7 39. Qc1 Qh3 40. Nf2 Qh4 41. Nd3 Qh3 42. Nf2 Qf3+ 43. Kxh2 Qxf2+ 44. Kh1 b4 45. Qb1 Qf3+ 46. Kh2 Qh5+ 47. Kg3 Qg6+ 0-1

[Event "Bhopal op"]
[Site "Bhopal"]
[Date "2017.12.22"]
[Round "2"]
[White "Aryan, Abhijeet Shah"]
[Black "Tran, Tuan Minh"]
[Result "1-0"]
[WhiteElo "1987"]
[BlackElo "2544"]
[PlyCount "167"]
[EventDate "2017.12.21"]
[EventType "swiss"]
[EventRounds "10"]
[EventCountry "IND"]
[SourceTitle "CBM 182 Extra"]
[Source "ChessBase"]
[SourceDate "2018.02.23"]
[SourceVersion "1"]
[SourceVersionDate "2018.02.23"]
[SourceQuality "1"]

1. d4 Nf6 2. c4 e6 3. Nc3 Bb4 4. e3 0-0 5. Bd3 c5 6. Nf3 b6 7. 0-0 Bb7 8. Bd2 h6 9. Rc1 d6 10. a3 Bxc3 11. Bxc3 Nbd7 12. Be2 Qe7 13. Nd2 e5 14. d5 Rfe8 15. e4 Nf8 16. Bf3 Bc8 17. Re1 N6h7 18. g3 Ng6 19. Nf1 Ng5 20. Bg4 Nh3+ 21. Bxh3 Bxh3 22. Bd2 Bd7 23. Ne3 a5 24. Qh5 a4 25. Nf5 Qf6 26. Rc3 Bxf5 27. exf5 Ne7 28. Rf3 b5 29. h4 bxc4 30. Bg5 hxg5 31. hxg5 g6 32. gxf6 gxh5 33. fxe7 f6 34. Rc3 Rxe7 35. Rxc4 Rb7 36. Kg2 Rxb2 37. Rh1 Ra7 38. Rxh5 Rh7 39. Rg4+ Kh8 40. Rxh7+ Kxh7 41. Rxa4 Rd2 42. Ra7+ Kh6 43. g4 Rxd5 44. Kg3 c4 45. Rc7 Rd3+ 46. Kh4 c3 47. a4 d5 48. Rc6 Kg7 49. Rc7+ Kh6 50. Rc6 d4 51. g5+ Kg7 52. gxf6+ Kf7 53. Kg5 Rd1 54. Rc7+ Kf8 55. Rc8+ Kf7 56. Rc7+ Kf8 57. f7 c2 58. Rxc2 Kxf7 59. Rc7+ Ke8 60. Kf6 Kd8 61. Rc5 Kd7 62. Kxe5 d3 63. Kd4 d2 64. Ke3 Kd6 65. Rc2 Ra1 66. Rxd2+ Ke5 67. f4+ Kf6 68. Rd4 Kxf5 69. Rd5+ Kg4 70. Rg5+ Kh4 71. Ra5 Kg4 72. f5 Kg5 73. Kd4 Kf6 74. Kc3 Rc1+ 75. Kb2 Rc4 76. Kb3 Rc1 77. Rd5 Ra1 78. Kb4 Rb1+ 79. Kc5 Ra1 80. Kb5 Rb1+ 81. Kc6 Rc1+ 82. Rc5 Ra1 83. a5 Ra2 84. Kb6 1-0

[Event "IND-ch U13 31st"]
[Site "Jalandhar"]
[Date "2017.06.28"]
[Round "10"]
[White "Samal, Aditya Ranjan"]
[Black "Aryan, Abhijeet Shah"]
[Result "0-1"]
[WhiteElo "1573"]
[BlackElo "1957"]
[PlyCount "108"]
[EventDate "2017.06.21"]
[EventType "swiss"]
[EventRounds "11"]
[EventCountry "IND"]
[SourceTitle "CBM 179 Extra"]
[Source "ChessBase"]
[SourceDate "2017.08.23"]
[SourceVersion "1"]
[SourceVersionDate "2017.08.23"]
[SourceQuality "1"]

1. d4 Nf6 2. Nf3 g6 3. c4 Bg7 4. Nc3 d5 5. Bf4 0-0 6. e3 c6 7. Bd3 dxc4 8. Bxc4 Nbd7 9. 0-0 Nh5 10. Bg3 Nxg3 11. hxg3 Nb6 12. Bb3 Bg4 13. Qb1 Bxf3 14. gxf3 e5 15. dxe5 Bxe5 16. Ne4 Rc8 17. f4 Bg7 18. a4 Qe7 19. Ng5 Bf6 20. Ne4 Bxb2 21. f3 Bg7 22. Qa2 Nd5 23. Rae1 Nc3 24. Nxc3 Bxc3 25. Re2 Rcd8 26. Qc2 Qf6 27. g4 Bb4 28. Kg2 Qc3 29. Qxc3 Bxc3 30. Kg3 b5 31. Rh1 Kg7 32. e4 a6 33. e5 c5 34. f5 Rd2 35. Rxd2 Bxd2 36. Rd1 Bc3 37. e6 c4 38. Ba2 fxe6 39. fxe6 Kf6 40. Rb1 Rb8 41. f4 Rd8 42. axb5 axb5 43. Rxb5 Rd3+ 44. Kf2 Rd2+ 45. Kf3 Rxa2 46. Rc5 Ra4 47. f5 gxf5 48. gxf5 Be5 49. e7 Ra8 50. Rxc4 Re8 51. Rc6+ Kxf5 52. Rh6 Rxe7 53. Kg2 Kg5 54. Rh3 h5 0-1

[Event "IND-ch U13 31st"]
[Site "Jalandhar"]
[Date "2017.06.24"]
[Round "6"]
[White "Krishna Raaju, J."]
[Black "Aryan, Abhijeet Shah"]
[Result "0-1"]
[WhiteElo "1689"]
[BlackElo "1957"]
[PlyCount "132"]
[EventDate "2017.06.21"]
[EventType "swiss"]
[EventRounds "11"]
[EventCountry "IND"]
[SourceTitle "CBM 179 Extra"]
[Source "ChessBase"]
[SourceDate "2017.08.23"]
[SourceVersion "1"]
[SourceVersionDate "2017.08.23"]
[SourceQuality "1"]

1. d4 Nf6 2. c4 g6 3. Nc3 d5 4. Bg5 Ne4 5. Nxe4 dxe4 6. e3 Bg7 7. Qc2 c6 8. Bh4 Bf5 9. Ne2 0-0 10. h3 c5 11. 0-0-0 Nc6 12. dxc5 Qa5 13. a3 Rfd8 14. Rxd8+ Rxd8 15. Nc3 Bxc3 16. Qxc3 Qxc3+ 17. bxc3 f6 18. g4 Be6 19. Bg3 Rc8 20. Be2 Na5 21. Rd1 Bf7 22. Rd7 Kf8 23. Kc2 g5 24. f4 exf3 25. Bxf3 Bg6+ 26. Kc1 Rxc5 27. Rc7 Rxc4 28. Rxc4 Nxc4 29. Bxb7 e5 30. a4 Be8 31. Ba6 Na5 32. Bb5 Bxb5 33. axb5 Nc4 34. e4 Nd6 35. c4 Nxc4 36. Bf2 Nd6 37. Bxa7 Nxb5 38. Bc5+ Kf7 39. Kd2 Nc7 40. Ke2 Ne6 41. Be3 Nf4+ 42. Kf3 Nxh3 43. Bc5 Nf4 44. Ba3 Kg6 45. Be7 h5 46. gxh5+ Nxh5 47. Kg4 Nf4 48. Bd6 Ne6 49. Be7 Nd4 50. Bd6 Nb5 51. Bb4 Nd4 52. Bd6 Kf7 53. Bb4 Ke6 54. Ba3 Nb5 55. Bc1 Nd6 56. Kf3 g4+ 57. Kxg4 Nxe4 58. Ba3 f5+ 59. Kf3 Ng5+ 60. Ke3 f4+ 61. Kf2 e4 62. Bc1 Kf5 63. Bd2 Nf3 64. Bc1 Ne5 65. Bd2 e3+ 66. Bxe3 Ng4+ 0-1